000 00941nas a2200301 4500
001 BR2010005663
003 BR-BrBNA
005 20231205114824.0
007 ta
008 230509b bl.|||p| |||| 00| 00por d
040 _aBR-BrBNA
_bpor
_cBiblioteca Nacional de Agricultura
041 _a(Pt)
072 _aL73
100 1 _aPieri, F.A.
100 1 _aMussi, M.C.
100 1 _aFiorini, J.E.
100 1 _aSchneedorf, J.M.
245 1 _aEfeitos clínicos e microbiológicos do óleo de copaíba (Copaifera officinalis)sobre bactérias formadoras de placa dental em cães
650 _aCÃO
650 _aDOENÇA ANIMAL
650 _aBACTÉRIA
650 _aÓLEO
650 _aCOPAÍBA
650 _aDENTE
773 0 _tArquivo Brasileiro de Medicina Veterinária e Zootecnia (Brazil)
_xISSN 0102-0935
_g(Jun 2010), v. 62(3) p. 578-585
_wBR2010005663
909 _a202311
_bLúcia
_c55
_dLúcia Elande
942 _2AGRIS
_n0
_cANA
999 _c210674
_d210674